000 00612nam a2200181 i 4500
001 111070
003 ES-MaACL
005 20230906185232.0
007 t|
008 061121s1952 sp r ||||1| spa d
100 1 _aNaves, Juan.
_9203667
245 1 0 _aMedicina del deporte y accidentes deportivos /
_cpor el Doctor Juan Navés; con un prólogo del profesor P. Piulachs.
260 _aBarcelona [etc.] :
_bSalvat,
_c1952.
300 _aXXXI, 408 p. :
_bil. ;
_c23 cm +
_e1 gráf. pleg.
700 1 _aPiulachs Oliva, Pedro (
_d1908-1976)
_992436
852 _aES-MaACL
_jD-7436
_bR.32525
999 _c111070
_d111070